Dead end in Norvelt

In the historic town of Norvelt, Pennsylvania, twelve-year-old Jack Gantos spends the summer of 1962 grounded for various offenses until he is assigned to help an elderly neighbor with a most unusual chore involving the newly dead, molten wax, twisted promises, Girl Scout cookies, underage driving,...

وصف كامل

محفوظ في:
التفاصيل البيبلوغرافية
المؤلف الرئيسي: Gantos, Jack
التنسيق: كتاب
اللغة:Undetermined
منشور في: New York Farrar Straus Giroux 2011
الموضوعات:
الوسوم: إضافة وسم
لا توجد وسوم, كن أول من يضع وسما على هذه التسجيلة!
Thư viện lưu trữ: Trung tâm Học liệu Trường Đại học Cần Thơ
LEADER 00827nam a2200181Ia 4500
001 CTU_226055
008 210402s9999 xx 000 0 und d
082 |a 813.6 
082 |b G211 
100 |a Gantos, Jack 
245 0 |a Dead end in Norvelt 
245 0 |c Jack Gantos 
260 |a New York 
260 |b Farrar Straus Giroux 
260 |c 2011 
520 |a In the historic town of Norvelt, Pennsylvania, twelve-year-old Jack Gantos spends the summer of 1962 grounded for various offenses until he is assigned to help an elderly neighbor with a most unusual chore involving the newly dead, molten wax, twisted promises, Girl Scout cookies, underage driving, lessons from history, typewriting, and countless bloody noses. 
650 |a Hành vi,Behavior,Behavior 
980 |a Trung tâm Học liệu Trường Đại học Cần Thơ